| 000 -LEADER |
| fixed length control field |
00274cam a22001097a 4500 |
| 008 - FIXED-LENGTH DATA ELEMENTS--GENERAL INFORMATION |
| fixed length control field |
180718bThe author xxu||||| |||| 00| 0 eng d |
| 082 ## - DEWEY DECIMAL CLASSIFICATION NUMBER |
| Classification number |
A42x54112 C |
| 100 ## - MAIN ENTRY--PERSONAL NAME |
| Personal name |
Nagaland. Law Department |
| 245 ## - TITLE STATEMENT |
| Title |
The Nagaland code |
| 260 ## - PUBLICATION, DISTRIBUTION, ETC. |
| Place of publication, distribution, etc. |
|
| Name of publisher, distributor, etc. |
Kohima |
| Date of publication, distribution, etc. |
The author |
| 300 ## - PHYSICAL DESCRIPTION |
| Extent |
-- |